Tous les finalistes de la coupe de France depuis 2000 - Statistiques

Statistiques générales
  • Ce quiz a été pris 279 fois
  • Le résultat moyen est 18 sur 25
Statistiques - réponses
Nombres de fois finalistes Equipes % Correct
13 Paris
100%
3 Marseille
99%
3 Nantes
99%
2 Lyon
98%
3 Rennes
95%
1 Toulouse
95%
1 Lille
93%
1 Nice
93%
1 Bordeaux
91%
2 Monaco
90%
1 Saint Etienne
88%
1 Strasbourg
87%
1 Lorient
73%
3 Auxerre
70%
1 Angers
66%
1 Bastia
63%
1 Sochaux
63%
2 Guingamp
58%
1 Les Herbiers
47%
1 Quevilly Rouen
46%
1 Amiens
45%
1 Evian
41%
1 Calais
39%
1 Sedan
36%
1 Chateauroux
20%
Aucun quiz correspondant
Distribution des résultats
% des personnes avec chaque résultat
Percentile par nombre de réponses
Votre historique - résultats
Vous n’avez pas pris ce quiz